Lonesome Days, Savage Nights #6 /

TKO Studios presents "Lonesome Days, Savage Nights" (named as a finalist at the 2020 Bram Stoker Awards® for Superior Achievement in a Graphic Novel) from best-selling creators Salvatore Simeone, Steve Niles (30 Days of Night) and Szymon Kudranski (Batman: The Dark Night, The Punisher) St...

Full description

Bibliographic Details
Corporate Author: Library Pass, LLC
Other Authors: Simeone , Salvatore (writer.), Niles, Steven (writer.)
Format: eBook
Language:English
Published: [United States] : TKO Presents, 2021.
Subjects:
Online Access:Connect to this electronic book (First time users create your free account)

MARC

Tag First Indicator Second Indicator Subfields
LEADER 00000nmm a22000001a 4500
001 in00004617621
006 m|||||o||m||||||||
007 cr|cn |||uuuuu
008 221118s2021 xxu||||eo|||| ||||||eng d
005 20221207215410.9
035 |a (TxWaIVM)IV83857TKLo 
040 |a TxWaIVM  |c TxWaIVM 
245 0 0 |a Lonesome Days, Savage Nights #6 /  |c powered by Library Pass. 
260 3 |a [United States] :  |b TKO Presents,  |c 2021. 
300 |a 1 online resource. 
336 |a text  |b txt  |2 rdacontent 
337 |a computer  |b c  |2 rdamedia 
338 |a online resource  |b cr  |2 rdacarrier 
520 |a TKO Studios presents "Lonesome Days, Savage Nights" (named as a finalist at the 2020 Bram Stoker Awards® for Superior Achievement in a Graphic Novel) from best-selling creators Salvatore Simeone, Steve Niles (30 Days of Night) and Szymon Kudranski (Batman: The Dark Night, The Punisher) Stu Manning always wanted to be a cop. But a terrible incident on his first beat has left him dishonored, dismayed, and barely clinging to sanity. Years later Stu prowls the streets again, not as a cop, but a scruffy private detective with one hell of a trick up his sleeve...and a monster under his skin. But when the city he always wanted to protect claims the one person who helped him survive it this far, Stu is prepared to unleash the beast he's kept inside and embark on his own road to revenge...and he gets the feeling that two graves will not be nearly enough. A supernatural hardboiled crime thriller for the 21st century. 
521 |a 3 
538 |a Requires a valid library card and registration for new users. 
538 |a Mode of access: World Wide Web. 
538 |a System requirements: Flash 10.1 or higher, Windows XP and higher, Internet Explorer 7 and higher, Firefox 3.6 and higher, Google Chrome; Max OS 10.5 and higher, Safari 4 and higher. 
650 0 |a Detective and mystery comic books, strips, etc. 
655 7 |a Electronic books.  |2 local 
655 7 |a Detective and mystery comic books, strips, etc.  |2 gsafd 
650 0 |a Comic books, strips, etc. --History 
655 7 |a Comic books, strips, etc. --History  |2 gsafd 
650 0 |a Suspense comic books, strips, etc. 
655 7 |a Suspense comic books, strips, etc.  |2 gsafd 
650 0 |a Underground comic books, strips, etc. 
655 7 |a Underground comic books, strips, etc.  |2 gsafd 
650 0 |a Fantasy comic books, strips, etc. 
655 7 |a Fantasy comic books, strips, etc.  |2 gsafd 
650 0 |a Fantasy comic books, strips, etc. 
655 7 |a Fantasy comic books, strips, etc.  |2 gsafd 
700 1 |a Simeone , Salvatore.  |e writer. 
700 1 |a Niles, Steven.  |e writer. 
700 1 |a Kudranski, Szymon.  |e artist. 
710 2 |a Library Pass, LLC. 
856 4 0 |u http://proxy.library.tamu.edu/login?url=https://tamu.librarypass.com/product/com.iversecomics.tko.presents.lonesome.days.savage.nights.six.english.08312021  |z Connect to this electronic book (First time users create your free account)  |t 0 
955 |a Comics Plus. 
999 f f |s c26eb016-da1e-402d-b7d0-193c73555e3e  |i c9f779b0-0ddc-450a-9b04-92ae6c04dc40  |t 0 
952 f f |a Texas A&M University  |b College Station  |c Electronic Resources  |d Available Online  |t 0  |h Library of Congress classification 
998 f f |t 0  |l Available Online